The noble scholar, jurist, historian


 His Excellency Dr. Abdul Wahhab bin Ibrahim Abu Sulaiman, may Allah have mercy on him.


 He was born in Umm Al-Qura in the year 1356 AH.

تفسير غريب الموطأ / (Record no. 780)

MARC details
000 -LEADER
fixed length control field 01656cam a22003851i 4500
003 - CONTROL NUMBER IDENTIFIER
control field SA-RiAUC
005 - DATE AND TIME OF LATEST TRANSACTION
control field 20241002082255.0
008 - FIXED-LENGTH DATA ELEMENTS--GENERAL INFORMATION
fixed length control field 240924s2001 su g b 00000 ara c
020 ## - INTERNATIONAL STANDARD BOOK NUMBER
International Standard Book Number 9960207285
020 ## - INTERNATIONAL STANDARD BOOK NUMBER
International Standard Book Number 9960207293
020 ## - INTERNATIONAL STANDARD BOOK NUMBER
International Standard Book Number 9960207307
040 ## - CATALOGING SOURCE
Original cataloging agency SA-RiAUC
Language of cataloging ara
Transcribing agency SA-RiAUC
Description conventions rda
082 04 - DEWEY DECIMAL CLASSIFICATION NUMBER
Classification number 231.1
Assigning agency SA-RiAUC
090 ## - LOCALLY ASSIGNED LC-TYPE CALL NUMBER (OCLC); LOCAL CALL NUMBER (RLIN)
Classification number (OCLC) (R) ; Classification number, CALL (RLIN) (NR) 231.1
Local cutter number (OCLC) ; Book number/undivided call number, CALL (RLIN) ا ب ن ح
100 1# - MAIN ENTRY--PERSONAL NAME
Personal name ابن حبيب، عبد الملك بن حبيب بن سليمان،
Dates associated with a name 174-238 هجري
Relator term مؤلف.
245 10 - TITLE STATEMENT
Title تفسير غريب الموطأ /
Statement of responsibility, etc. تأليف عبد الملك بن حبيب السلمي الأندلسي ؛ حققه وقدم له عبد الرحمن بن سليمان العثيمين.
250 ## - EDITION STATEMENT
Edition statement الطبعة الأولى.
264 #1 - PRODUCTION, PUBLICATION, DISTRIBUTION, MANUFACTURE, AND COPYRIGHT NOTICE
Place of production, publication, distribution, manufacture الرياض :
Name of producer, publisher, distributor, manufacturer مكتبة العبيكان،
Date of production, publication, distribution, manufacture, or copyright notice 2001
300 ## - PHYSICAL DESCRIPTION
Extent 2 مجلد (456، 323 صفحة ) ؛
Dimensions 24 سم
336 ## - CONTENT TYPE
Content type term نص
Content type code txt
Source rdacontent
Materials specified كتاب
337 ## - MEDIA TYPE
Media type term بدون وسيط
Media type code n
Source rdamedia
338 ## - CARRIER TYPE
Carrier type term مجلد
Carrier type code nc
Source rdacarrier
504 ## - BIBLIOGRAPHY, ETC. NOTE
Bibliography, etc. note ببليوجرافية : مجلد 2، صفحة 299-320.
650 #7 - SUBJECT ADDED ENTRY--TOPICAL TERM
Topical term or geographic name entry element الحديث
General subdivision أحكام
Source of heading or term aucsh
650 #7 - SUBJECT ADDED ENTRY--TOPICAL TERM
Topical term or geographic name entry element الحديث
General subdivision تفاسير
Source of heading or term aucsh
650 #7 - SUBJECT ADDED ENTRY--TOPICAL TERM
Topical term or geographic name entry element الحديث
General subdivision شرح
Source of heading or term aucsh
650 #7 - SUBJECT ADDED ENTRY--TOPICAL TERM
Topical term or geographic name entry element الحديث
General subdivision المسانيد
Source of heading or term aucsh
650 #7 - SUBJECT ADDED ENTRY--TOPICAL TERM
Topical term or geographic name entry element الفقه المالكي
Source of heading or term aucsh
650 #7 - SUBJECT ADDED ENTRY--TOPICAL TERM
Topical term or geographic name entry element الحديث
General subdivision جمع وتدوين
Source of heading or term aucsh
700 1# - ADDED ENTRY--PERSONAL NAME
Personal name العثيمين، عبد الرحمن بن سليمان بن محمد
Relator term محقق.
700 12 - ADDED ENTRY--PERSONAL NAME
Personal name الإمام مالك، مالك بن أنس بن مالك،
Dates associated with a name 93-179 هجري
740 22 - ADDED ENTRY--UNCONTROLLED RELATED/ANALYTICAL TITLE
Uncontrolled related/analytical title الموطأ.
942 ## - ADDED ENTRY ELEMENTS (KOHA)
Source of classification or shelving scheme Dewey Decimal Classification
Koha item type Books
Suppress in OPAC No
949 ## - LOCAL PROCESSING INFORMATION (OCLC)
a SA-JeALM
d 240924
u mohamedma123
n 1
Holdings
Withdrawn status Lost status Source of classification or shelving scheme Materials specified (bound volume or other part) Damaged status Not for loan Home library Current library Date acquired Total checkouts Full call number Barcode Date last seen Price effective from Koha item type
    Dewey Decimal Classification المجلد الثاني     DR AbdElwahab Library DR AbdElwahab Library 10/02/2024   231.1 ا ب ن ح 000001016 10/02/2024 10/02/2024 Books
    Dewey Decimal Classification المجلد الاول     DR AbdElwahab Library DR AbdElwahab Library 01/18/2025   231.1 ا ب ن ح 000007821 01/18/2025 01/18/2025 Books